000
00281nam a22001337a 4500
008
210310b ||||| |||| 00| 0 eng d
041
_a
eng
080
_a
579
082
_a
579
100
_a
11
101
_a
MIK
245
_a
Modern Microbiology
_c
Umbreit,W.W
942
_2
udc
_c
BK
999
_c
56221
_d
56221